| 000 | 00479nam a2200169Ia 4500 | ||
|---|---|---|---|
| 003 | LK-CoDNM | ||
| 008 | 010623t xxu||||| |||| 00| 1 sin d | ||
| 040 |
_aLK-CoDNM _dLK-CoDNM _eLK-CoDNM |
||
| 041 | _asin | ||
| 080 | _a294.3 GIN | ||
| 100 | _aGinarathana Thero,Marabe. | ||
| 245 | _aබුදුසාමයෙන් ලෙඩ සුව කිරීම | ||
| 246 | _aBudusamayen Leda Suwa Kereema | ||
| 260 |
_bVidyaratna _aAheliyagoda |
||
| 300 | _b34p., 18 cm | ||
| 942 | _cBK | ||
| 999 |
_c139798 _d139798 |
||